"Je t'aime Jupiler" de Fernand Chante - Paroles - Statistiques

Statistiques générales
  • Ce quiz a été pris 12 fois
  • Le résultat moyen est 126 sur 161
Statistiques - réponses
Réponse % Correct
je
100%
ta
100%
à
90%
a
90%
amour
90%
au
90%
avec
90%
Dans
90%
dans
90%
de
90%
des
90%
deux
90%
d'exister
90%
es
90%
grand
90%
Jupiler
90%
juré
90%
l'ai
90%
les
90%
m'a
90%
ma
90%
mon
90%
ou
90%
raison
90%
t'aime
90%
te
90%
tu
90%
un
90%
belle
80%
canette
80%
casiers
80%
c'est
80%
comme
80%
dit
80%
elle
80%
en
80%
il
80%
ils
80%
légère
80%
nous
80%
pour
80%
prends
80%
quand
80%
que
80%
robe
80%
sois
80%
Standard
80%
supermarchés
80%
toujours
80%
une
80%
vais
80%
yeux
80%
bouteille
70%
camarades
70%
côté
70%
dorés
70%
d'une
70%
femme
70%
figé
70%
m'aides
70%
me
70%
nénette
70%
oublier
70%
reflet
70%
regardé
70%
resté
70%
rougeâtre
70%
suis
70%
hypnotisé
60%
maintenant
60%
n'as
60%
plus
60%
réveil
60%
rien
60%
sais
60%
sens
60%
auprès
50%
belge
50%
caressé
50%
on
50%
même
40%
nos
40%
n'y
40%
peut
40%
shootent
40%
si
40%
toi
40%
Bangkok
30%
fermer
30%
ferra
30%
liègeois
30%
pense
30%
portes
30%
mais
10%
Aucun quiz correspondant
Distribution des résultats
% des personnes avec chaque résultat
Percentile par nombre de réponses
Votre historique - résultats
Vous n’avez pas pris ce quiz